000 00389nam a2200145 a 4500
005 20140414132141.0
008 140201s19uu xx 00 eng d
020 _a9781600571671
050 _aREF 973
_bWo89 2012
245 _aWorld almanac for kids 2013 (The).
260 _aNew York :
_bInfobase learning,
_cc2012.
300 _a352
650 _aAlmanacs, Children's
999 _c115354
_d115354